Hegemonía y democracia: mesa redonda /

Sparad:
Bibliografiska uppgifter
Huvudupphovsman: Amato
Övriga upphovsmän: Díaz, Gerratana, Spriano, Salvadori, Massimo L.
Materialtyp: Text
Publicerad: San José :
Ämnen:
Taggar: Lägg till en tagg
Inga taggar, Lägg till första taggen!

MARC

LEADER 00000 a a2200000 04500
001 15567
003
040
090 |a 029600  
100 |a Amato  
245 |a Hegemonía y democracia: mesa redonda /  |c Amato  
260 |a San José :  
300 |a 43 p.  
650 |a DEMOCRACIA  
700 |a Díaz  
700 |a Gerratana  
700 |a Spriano  
700 |a Salvadori, Massimo L.  
999 |c 6881  |d 6881